000 00397nam a2200145Ia 4500
008 231221s9999 xx 000 0 und d
041 _aEnglish
082 _a001.64404 HAR;1 R
100 _aHarish, H.
245 0 _aData communications and networks : for IVth sem BCA bangalore university
250 _a1st ed.
260 _c2011
_bSubhash Stores
_aBangalore
300 _a227
942 _cBC
999 _c212942
_d212942